02248cam a22005054i 4500003000900000005001700009008004100026035001900067040003300086049000900119082001900128100003200147245013900179250001800318264005000336300003800386336002100424337002500445338002300470500005000493504006600543505037200609526001000981526001000991526001001001526001001011526000801021526000801029526000801037526000801045526000801053526000801061526000801069541001701077650003901094650001801133910002201151942001401173949012601187994001401313596000601327999017401333980005501507952018001562PE-LiUPU20250731173434.0150706s2008 xxu r 000 0 spa d a(Sirsi) a53190 aPE-LiUPUbspacPE-LiUPUerda aPRUA04a284.3bE922211 aEstep, William R. ,eautor.13aLa historia de los Anabaptistas :brevolucionarios del siglo XVI, una introducción al anabaptismo del siglo XVI /cWilliam R. Estep. a3a edición. 1aFarmington, EE.UU. :bLámpara y Luz,c2008. a320 páginas ;c21 centímetros atext2rdacontent aunmediated2rdamedia avolume2rdacarrier aLa tercera rama de la reforma -- en cubierta. aIncluye referencias bibliográficas (p. 307-319) e índice.0 aEl nacimiento del anabaptismo -- Meteoros en la noche -- Un testimonio excepcional -- La verdad es inmortal -- De Zollikon a Augsburgo -- Sobre Moravia y la comunidad de bienes -- Menno Simons y el anabaptismo holandés -- El anabaptismo y la teología de la Reforma -- El bautismo y el discipulado -- La iglesia y el estado -- A través de los mares y los años. aSEG42 aSEG41 aSEG40 aSEG39 aP94 aP87 aP86 aP85 aP77 aP76 aP35 g001-0000706;04aAnabaptistasxHistoriaySiglo XVI.04aAnabaptistas. aglclchd20131031 2ddccBOOK a284.3 E92wDEWEYc1i68496lCCODEBUL1mBULp13.00r0sYtLIBROu2015-07-06xTEOLOGIAPP35o.STAFF. Colección Teología aC0bPEPRU a1 a284.3 E92wDEWEYc55878i68496d55878e2018-10-9f2021-11-11g7lCCODEBUL1mBULn9p13.00q6r0sYtBOOKu2015-7-6xTEOLOGIAPP350COMPRAo.STAFF. Colección Teología 81gALBERTO SANCHEZ Responsable de Automatización r2025-12-02 00:00:00i8l9o284.3 E92p68496s2018-10-09te1v18.00w2015-07-06xFTyBKzinventario-2023-12-13102ddc50708GENfP35aBULbBULcGENd2015-07-06eCOMPRAg13.00